000 00403nam a2200145Ia 4500
003 GCL
008 140319s9999 xx 000 0 ara d
040 _aGCL /
_cGCL
082 0 4 _a270
_bف م
100 1 _aفوزية صموئيل
245 1 0 _aمريم المجدلية /
_cفوزية صموئيل
260 _a[S.N] :
_bدار الثقافة المسيحية ،
_c1984
300 _a24 ص
490 _a
999 _c30553
_d30553